| 000 | 01130cam a22003375a 4500 | ||
|---|---|---|---|
| 999 |
_c12317 _d12317 |
||
| 003 | EG-ScBUE | ||
| 005 | 20191215100659.0 | ||
| 008 | 090709r20101990enkabo f d 001 0 eng d | ||
| 020 | _a9780194327886 | ||
| 040 |
_aEG-ScBUE _beng _erda _cEG-ScBUE _dEG-ScBUE |
||
| 082 | 0 | 4 |
_a428.64 _bSHE _222 |
| 100 | 1 |
_aSheerin, Susan, _eauthor. _97932 |
|
| 245 | 1 | 0 |
_aSpotlight on Britain / _cSusan Sheerin, Jonathan Seath, Gillian White. |
| 250 | _aSecond edition. | ||
| 250 | _aReprint edition. | ||
| 264 | 1 |
_aOxford ; _aNew York : _bOxford University Press, _c2010. |
|
| 300 |
_a140 pages : _billustrations, maps, photographs ; _c25 cm. |
||
| 336 |
_2rdacontent _atext _btxt |
||
| 337 |
_2rdamedia _aunmediated _bn |
||
| 338 |
_2rdacarrier _avolume _bnc |
||
| 490 | 0 | _aOxford English | |
| 500 | _aIncludes index. | ||
| 500 | _aIncludes glossary. | ||
| 590 | _abasant ahmed | ||
| 650 | 7 |
_aEnglish language _vText-books for foreign speakers. _2BUEsh _97933 |
|
| 653 |
_bHHUUEENN _cDecember2019 |
||
| 655 | _vReading book | ||
| 700 | 1 |
_aSeath, Jonathan, _eauthor. _97935 |
|
| 700 | 1 |
_aWhite, Gillian M, _eauthor. _97936 |
|
| 942 |
_2ddc _cBB |
||